Personnage American Horror Story - Statistiques

Statistiques générales
  • Ce quiz a été pris 202 fois
  • Le résultat moyen est 5 sur 8
Statistiques - réponses
Question Réponse % Correct
Tate Langdon Murder House
96%
Cordelia Goode Coven
88%
Lana Winters Asylum
82%
Coco St. Pierre Vanderbilt Apocalypse
52%
Donovan Hotel
52%
Shelby Miller Roanoke
48%
Ally Mayfair-Richards Cult
46%
Desiree Dupree Freak Show
41%
Aucun quiz correspondant
Distribution des résultats
% des personnes avec chaque résultat
Percentile par nombre de réponses
Votre historique - résultats
Vous n’avez pas pris ce quiz